000 01285nam a2200373 c 4500
999 _c50537
_d50537
001 50537
003 ES-MaCES
005 20180221124645.0
008 180220s2017 sp 000 | spa d
017 _aMU 1405-2017
_bDL
020 _a9788494706479
040 _aES-MaCES
_bspa
_cES-MaCES
245 0 4 _aLos trabajadores maduros en el contexto de la relación laboral
_cJuan Carlos Álvarez Cortés (dir.) ; [autores], Mª Carmen Aguilar del Castillo ... [et al.]
250 _a1ª ed
260 _aMurcia
_bLaborum
_c2017
300 _a322 p.
_c21 cm
504 _aBibliografía
541 _cCompra
650 4 _atrabajador de edad avanzada
_928410
650 4 _arelaciones laborales
_928369
650 4 _anegociación colectiva
_928362
650 4 _acondiciones de trabajo
_928327
650 4 _acondiciones de empleo
_930040
650 4 _aformación profesional permanente
_929931
650 4 _aterminación de la relación de trabajo
_929986
650 4 _ajubilación
_928360
650 4 _aEspaña
_926964
650 4 _arégimen jurídico
_929894
653 1 0 _aRelaciones laborales-Empleo
700 1 _96117
_aÁlvarez Cortés, Juan Carlos
_edir.
700 1 _934699
_aAguilar del Castillo María del Carmen
902 _aLIB Libro
942 _2CES
_cBK
_h2.0.